00861cam a2200205 a 45000010009000000050017000090080041000260200038000670200035001050410013001400500024001530820012001771000022001892450083002112600064002943000025003585000129003837000060005128560083005721523083120250628095413.0080324s2008 miu b 001 0 eng  a9780802807700 (pbk. : alk. paper) a0802807704 (pbk. : alk. paper)1 aenghdut00aBS1191.5b.B67 200800a2512221 aBos, Rein,d1955-10aWe have heard that God is with you :bpreaching the old testament /cRein Bos. aGrand Rapids, Mich. :bWilliam B. Eerdmans Pub. Co.,c2008. axv, 384 p. ;c23 cm. aAdapted and translated from the Dutch by the author: Wij hebben gehoord dat God met u is. Zoetermeer : Boekencentrum, c2004.1 aBos, Rein,d1955-tWij hebben gehoord dat God met u is.413Table of contents onlyuhttp://www.loc.gov/catdir/toc/ecip0815/2008013160.html